LIBRARY & INFORMATION CENTRE, KCAET, TAVANUR

ONLINE PUBLIC ACCESS CATALOGUE (OPAC)

Development and evaluation of a dry seeding attachment to a riding type rice transplanter (Record no. 15718)

MARC details
000 -LEADER
fixed length control field 00511nam a22001697a 4500
003 - CONTROL NUMBER IDENTIFIER
control field OSt
082 ## - DEWEY DECIMAL CLASSIFICATION NUMBER
Classification number 631.3
Item number AIS/D
088 ## - REPORT NUMBER
Report number P 452
100 ## - MAIN ENTRY--AUTHOR NAME
Personal name Aiswarya Santhosh
100 ## - MAIN ENTRY--AUTHOR NAME
Personal name Amit Kumar
100 ## - MAIN ENTRY--AUTHOR NAME
Personal name Amrutha K
100 ## - MAIN ENTRY--AUTHOR NAME
Personal name Sreehari M
245 ## - TITLE STATEMENT
Title Development and evaluation of a dry seeding attachment to a riding type rice transplanter
260 ## - PUBLICATION, DISTRIBUTION, ETC. (IMPRINT)
Place of publication Tavanur
Name of publisher Department of Farm machinery and power engineering
Year of publication 2019
700 ## - ADDED ENTRY--PERSONAL NAME
Personal name Shaji James P (Guide)
942 ## - ADDED ENTRY ELEMENTS (KOHA)
Koha item type Project Report
Holdings
Collection code Home library Current library Shelving location Full call number Accession Number Koha item type
Reference KAUAET KAUAET Reference 631.3 AIS/D P 452 Project Report
free website counter